Quiz de opción múltiple – Madrid - Estadísticas

Estadísticas generales
  • Esta prueba ha sido intentada 1.781 veces
  • La puntuación promedio es 8 de 10
Estadísticas de respuestas
Pregunta Respuesta % Correcto
¿Los restos de quién se mudaron desde el Valle de los Caídos a otro lugar en 2019? Francisco Franco
94%
¿En qué río se ubica la ciudad de Madrid? Manzanares
90%
¿Qué animal aparece en el escudo de Madrid? Oso
90%
¿Dónde está el "kilómetro cero" de las carreteras nacionales radiales? Puerta del Sol
90%
¿Quién es el patrón de Madrid? San Isidro
89%
¿Qué museo no se encuentra en Madrid? Museo Sefardí
83%
¿Quién es el máximo goleador en la historia del Real Madrid? Cristiano Ronaldo
82%
¿Cuál es una obra de Francisco de Goya?
78%
¿En qué año tuvieron lugar los atentados del 11-M en Madrid? 2004
71%
¿Qué rey designó Madrid como capital permanente de la monarquía española en el siglo XVI? Felipe II
57%
No se encontraron pruebas coincidentes
Distribución de puntuación
Porcentaje de gente con cada puntuación
Porcentaje por número respondido
Historial de tus puntuaciones
No has intentado esta prueba.